000 00307nam a22001337a 4500
020 _a0-7506-3429-4
082 _a629.8 PEZ
100 _aREZNIK, LEONID
_961353
245 _aFUZZY CONTROLLERS
260 _aOXFORD
_bNEWNES
_c1997
300 _aXXI,287P
650 _aFUZZY CONTROLLERS
_961354
942 _cBK
999 _c570838
_d570838